zpět

Detail výsledku týmu

The Pub Praha 2 ST, Praha

Datum a čas kvízu

34.5 Celkem bodů Celkový počet nahraných bodů na tomto kvízu bez doplňovacích otázek.
5. Pořadí na kvízu Konečné umístění týmu na tomto kvízu.

Zaznamenané odpovědi

# Otázka Odpověď Body Výsledky
1. Minulý týden byl představen ví... (český) lev 1
2. Po více než 80 letech se do je... Pompeje 1
3. Zříceninu jednoho českého hrad... Trosky; Kingdom Come: Deliverance (2) 1
4. Britská pobočka jednoho maloob... Lidl 0
5. Novinářskou anketu Zlatý míč o... Pavel Šulc 1
6. Jak se jmenují herečtí předsta... Václav Lohniský, Valerie Kaplanová 1
7. „Tanec smrti“ je výtvarné téma... danse macabre 0
8. Pikové eso bývá nazýváno karto... 2003 (bod připisujeme za odpovědi 2002 až 2004) 1
9. Která slovenská hudební skupin... Elán 1
10. Napište čtyřpísmenné jméno hin... Kálí 0